Statistics for Best Picture/Best Actor Combos

Click here to take the quiz!

General Stats

  • This quiz has been taken 38 times
    (15 since last reset)
  • The average score is 31 of 54

Answer Stats

Film% Correct
Oppenheimer
100%
Forrest Gump
93%
The Godfather
93%
Cillian Murphy
86%
Marlon Brando
86%
Dustin Hoffman
79%
Gladiator
79%
Kramer vs. Kramer
79%
One Flew Over the Cuckoo's Nest
79%
The King's Speech
79%
The Silence of the Lambs
79%
Tom Hanks
79%
Ben-Hur
71%
Gandhi
71%
My Fair Lady
71%
On the Waterfront
71%
The French Connection
71%
Amadeus
64%
American Beauty
64%
Anthony Hopkins
64%
Colin Firth
64%
Gene Hackman
64%
Jack Nicholson
64%
Patton
64%
Rain Man
64%
Russell Crowe
64%
The Artist
64%
Ben Kingsley
57%
Charlton Heston
57%
George C. Scott
50%
Hamlet
50%
Jean Dujardin
50%
Kevin Spacey
50%
Rex Harrison
50%
The Bridge on the River Kwai
50%
Alec Guinness
43%
Bing Crosby
43%
Ernest Borgnine
43%
F. Murray Abraham
43%
Going My Way
43%
Laurence Olivier
43%
Marty
43%
Rod Steiger
43%
Clark Gable
36%
In the Heat of the Night
36%
Paul Scofield
36%
The Lost Weekend
36%
All the King's Men
29%
A Man for All Seasons
29%
Fredric March
29%
It Happened One Night
29%
Ray Milland
29%
The Best Years of Our Lives
21%
Broderick Crawford
7%

Score Distribution

Percentile by Number Answered

Percent of People with Each Score

Your Score History

You have not taken this quiz since the last reset